000 01208nam a22002777a 4500
999 _c54031
_d54031
005 20251125233029.0
008 s2547 th tha d
020 _a9749645952
040 _aNALT
041 _atha
090 _aKD 52
_bบ153ห 2547
100 0 _aบรรเจิด สิงคะเนติ
_912040
245 1 0 _aหลักพื้นฐานของสิทธิเสรีภาพและศักดิ์ศรีความเป็นมนุษย์ตามรัฐธรรมนูญ /
_cบรรเจิด สิงคะเนติ
250 _aพิมพ์ครั้งที่ 2
260 _aกรุงเทพฯ :
_bวิญญูชน,
_c2547
300 _a352 หน้า ;
_c26 ซม.
_b
650 4 _aความเสมอภาค
_912641
650 4 _aเสรีภาพ
_913046
650 4 _aสิทธิ
_913045
650 0 _aหลักนิติธรรม
_99722
650 0 _aประชาธิปไตย
_92054
850 _aNALT
856 4 0 _uhttps://hdl.handle.net/20.500.14156/303073
_71
942 _cLB
_02
_2local
998 _j109
_k อารีรัตน์ วิชาช่าง